| 000 | 01136cam a2200337 a 4500 | ||
|---|---|---|---|
| 001 | 17167869 | ||
| 003 | Nust | ||
| 005 | 20240907103332.0 | ||
| 008 | 120216s2012 maua b 001 0 eng | ||
| 010 | _a 2012003662 | ||
| 020 | _a9781449628338 (pbk.) | ||
| 020 | _a9781449661397 (pac) | ||
| 040 |
_aDLC _cDLC _dDLC |
||
| 050 | 0 | 0 |
_aGE105 _b.M39 2012 |
| 082 | 0 | 0 |
_a363.7 MIC _223 |
| 100 | 1 | _aMcKinney, Michael L. | |
| 245 | 1 | 0 |
_aEnvironmental science : _bsystems and solutions / _cMichael L. McKinney, Robert M. Schoch, Logan Yonavjak. |
| 250 | _a5th ed. | ||
| 260 |
_aBoston : _bJones and Barlett Publishers, _cc2012. |
||
| 300 |
_axxv, 694 p. : _bcol. ill. ; _c28 cm. |
||
| 500 | _aP.B | ||
| 504 | _aIncludes bibliographical references and index. | ||
| 650 | 0 | _aEnvironmental sciences. | |
| 650 | 0 |
_aPollution. _92629 |
|
| 650 | 0 |
_aEnvironmentalism. _9102098 |
|
| 700 | 1 |
_aSchoch, Robert M. _9125701 |
|
| 700 | 1 |
_aYonavjak, Logan. _9125702 |
|
| 906 |
_a7 _bcbc _corignew _d1 _eecip _f20 _gy-gencatlg |
||
| 942 |
_2ddc _cCSS _k363.7 MIC |
||
| 999 |
_c328700 _d328700 |
||